000 00288nam a22001217a 4500
008 180119b xxu||||| |||| 00| 0 eng d
041 _aeng
080 _a72
100 _a41
101 _aark
245 _abuilding the bridges across san francisko bay
_cthomas.d
942 _2udc
_cBK
999 _c40597
_d40597